Operative techniques in hand,Wrist,and forearm Surgery / (Record no. 35615)

MARC details
000 -LEADER
fixed length control field 00520nam a22001817a 4500
005 - DATE AND TIME OF LATEST TRANSACTION
control field 20240429093434.0
008 - FIXED-LENGTH DATA ELEMENTS--GENERAL INFORMATION
fixed length control field 240429b |||||||| |||| 00| 0 eng d
020 ## - INTERNATIONAL STANDARD BOOK NUMBER
ISBN 9781451102550
082 ## - DEWEY DECIMAL CLASSIFICATION NUMBER
Classification number 615
Item number HUN-O
100 ## - MAIN ENTRY--AUTHOR
Author Name Hunt Thomas R.
245 ## - TITLE STATEMENT
Title Operative techniques in hand,Wrist,and forearm Surgery /
Statement of responsibility, etc. Hunt Thomas R, Sam W Wiesel
260 ## - PUBLICATION, DISTRIBUTION, ETC.
Place of Publication China :
Name of publisher, distributor, etc. Lippincott :
Date of publication, distribution, etc. 2011.
300 ## - PHYSICAL DESCRIPTION
Pages xxi.
500 ## - GENERAL NOTE
General note include index .
650 ## - SUBJECT ADDED ENTRY--TOPICAL TERM
Subject / Department Medical / Surgery
700 ## - ADDED ENTRY--PERSONAL NAME
Personal name Sam W Wiesel
300 ## - PHYSICAL DESCRIPTION
-- ill;
-- 27cm.
952 ## - LOCATION AND ITEM INFORMATION (KOHA)
-- 0
-- 0
Holdings
Lost status Damaged status Collection code Permanent Location Current Location Shelving Location Date acquired Full Call Number Accession No./Barcode Date last seen item type Koha item type
    Medical Superior Information Resource Center (SIRC) Superior University- Central Library Superior Information Resource Center (SIRC) Superior University- Central Library Surgery 04/29/2024 615 HUN-O 2011 10351 04/29/2024 BOOK BOOK

Powered by Koha